Climbing and exploration in the Karakoram Himalayas: Scientific reports

Saved in:
Bibliografiske detaljer
Hovedforfatter: Conway, Martin (Author)
Format: Bog
Sprog:engelsk
Udgivet: Londres T. Fisher Unwin 1894
Udgivelse:1a. ed
Fag:
Tags: Tilføj Tag
Ingen Tags, Vær først til at tagge denne postø!

MARC

LEADER 00000nam a2200000 a 4500
001 UCJ5589
003 CL-VaPUC
008 070124e18940000UK |||||||||||||||||eng|d
082 0 4 |a 910.4  |b CON  |2 21 
100 0 |a Conway, Martin  |e author  |9 510939 
245 1 0 |a Climbing and exploration in the Karakoram Himalayas: Scientific reports 
250 |a 1a. ed 
300 |a 2 v 
942 |c BK 
945 |d 20070124 00:00:00  |a rinostro 
260 |a Londres  |b T. Fisher Unwin  |c 1894 
500 |a v.1: text 
500 |a v.2: mapas. Ex libris; cubierta vol. 2, perfil del autor 
600 0 7 |a DURAND, A. G  |2 CL-VaPUC  |9 510940 
600 0 7 |a BONNEY, T. G  |2 CL-VaPUC  |9 510941 
600 0 7 |a HEMSLEY, W. BOTTING  |2 CL-VaPUC  |9 510942 
600 0 7 |a KIRBY, W. F  |2 CL-VaPUC  |9 510943 
600 0 7 |a PEARS, ANDREW  |2 CL-VaPUC  |9 510944 
650 0 |a Viajes  |9 257115 
650 0 |a Expediciones científicas  |9 265222 
650 7 |a MONTAÑISMO  |2 CL-VaPUC  |9 384709 
650 0 |a Flora y fauna  |9 338564 
650 7 |a FISIOLOGIA  |2 CL-VaPUC  |9 510945 
650 0 |a Mapas  |9 260844 
650 7 |a EX LIBRIS  |2 CL-VaPUC  |9 505186 
650 0 |a Iconografía   |9 267998 
651 7 |a HIMALAYAS  |2 CL-VaPUC  |9 510946 
651 7 |a TIBET  |2 CL-VaPUC  |9 324206 
583 |a last modification  |c 20070124 00:00:00  |k Rodrigo Vera 
999 |c 321698  |d 321696 
952 |0 0  |1 0  |4 0  |6 910_400000000000000_CON_1894  |7 0  |8 X  |9 400515  |a FDOBUD  |b FDOBUD  |d 2019-11-22  |h v.1  |i 1036831  |o 910.4 CON 1894  |p 1036831  |r 2019-11-22  |w 2019-11-22  |y BK_X  |k BUD 
952 |0 0  |1 0  |4 0  |6 910_400000000000000_CON_1894  |7 0  |8 X  |9 400516  |a FDOBUD  |b FDOBUD  |d 2019-11-22  |h v.2  |i 103684K  |o 910.4 CON 1894  |p 103684K  |r 2019-11-22  |w 2019-11-22  |y BK_X  |k BUD